• 首页
  • 本馆介绍
  • 公告通知
  • 最新文献
  • 馆藏检索
  • 电子资源
  • 读者荐购
  • 参考咨询
  • CALIS
  • 我的图书馆
  • 登录
  • 详细信息显示
  • 放入我的书架
  • 预约/预借图书
  • 作者相关作品
  • 分类相关作品
  • 丛书相关作品
  • 出版社相关作品

书目信息

  • 表格格式
  • 工作单格式
  • 卡片格式
题名:
小酒店
    
 
作者: 左拉 著
分册:  
出版信息: 北京   人民文学出版社  1958.09
页数: 461页
开本: 32开
丛书名:
单 册:
中图分类: I565.4
科图分类:
主题词: 文学
电子资源:
ISBN: 7-02-001012-1
 
 
 
 
 
000 00517nam0 2200193 45
001 0009262035
005 20001021165823.1
010    @a7-02-001012-1@d9.75元
100    @a20000926d1958 km y0chiy0120 ea
101 0  @achi
105    @a z 000yy
200 1  @a小酒店@AXiao Jiu Dian@f(法)左拉 著@F(Fa)Zuo La Zhu
210    @a北京@c人民文学出版社@d1958.09
215    @a461页@d32开
606 0  @a文学
690    @aI565.4@v3
701  0 @a左拉@4著
801    @aCN@bPftUser@c20000926
905    @dI565.4@eZ.011/5@b180929-933@f5
    
    小酒店/(法)左拉 著.-北京:人民文学出版社,1958.09
    461页;32开
    
    
    ISBN 7-02-001012-1:9.75元
    
●
相关链接 在E读中查询图书 在当当中查询图书 在豆瓣中查询图书


正题名:小酒店     索取号:I565.4/Z.011/5         预约/预借

序号 登录号 条形码 馆藏地/架位号 状态 备注
1 180929   201809294   社科二线422/422社科库 30排3列4层/ [索取号:I565.4/Z.011/5] 在馆    
2 180930   201809301   社科二线400B/400B社科库 30排2列1层/ [索取号:I565.4/Z.011/5] 在馆    
3 180931   201809310   社科二线422/422社科库 30排3列4层/ [索取号:I565.4/Z.011/5] 在馆    
4 180932   201809329   社科二线422/422社科库 30排3列5层/ [索取号:I565.4/Z.011/5] 在馆    
5 180933   201809338   社科二线422/422社科库 30排3列5层/ [索取号:I565.4/Z.011/5] 在馆    
河南城建学院图书馆 欢迎您!
大连网信软件有限公司© 版权所有